| Tag |
First Indicator |
Second Indicator |
Subfields |
| LEADER |
00000cam a2200000 4500 |
| 001 |
in00000098889 |
| 005 |
20150926125536.0 |
| 008 |
750703s1965 eng u |
| 010 |
|
|
|a 65007789
|
| 035 |
|
|
|a (OCoLC)01430422
|
| 035 |
|
|
|9 AAL3568AM
|
| 040 |
|
|
|c ORL
|d OCL
|d TXA
|d UtOrBLW
|
| 049 |
|
|
|a TXAM
|c 1 [453428]
|c 2 [903550]
|
| 050 |
0 |
0 |
|a TL790
|b .C67
|
| 082 |
0 |
|
|a 629.435
|
| 100 |
1 |
|
|a Corliss, William R.
|
| 245 |
1 |
0 |
|a Space probes and planetary exploration /
|c by William R. Corliss.
|
| 264 |
|
1 |
|a Princeton, N.J. :
|b Van Nostrand,
|c [1965]
|
| 300 |
|
|
|a ix, 542 pages :
|b illustrations, maps, plans. ;
|c 24 cm.
|
| 336 |
|
|
|a text
|b txt
|2 rdacontent
|
| 337 |
|
|
|a unmediated
|b n
|2 rdamedia
|
| 338 |
|
|
|a volume
|b nc
|2 rdacarrier
|
| 500 |
|
|
|a "Written under the sponsorship of the National Aeronautics and Space Administration."
|
| 504 |
|
|
|a Bibliography: pages 508-532.
|
| 650 |
|
0 |
|a Space probes.
|
| 651 |
|
0 |
|a Outer space
|x Exploration.
|
| 650 |
|
0 |
|a Space sciences.
|
| 710 |
1 |
|
|a United States.
|b National Aeronautics and Space Administration.
|
| 999 |
|
|
|a MARS
|
| 999 |
f |
f |
|s 0976e2d6-a75f-3431-83e3-c585051d5852
|i f4a0cde0-df5e-3d0b-86b1-7ecaaf4407c3
|t 0
|
| 952 |
f |
f |
|p ric
|a Texas A&M University
|b Rellis Campus
|c Joint Library Facility
|s JLF
|d Remote Storage
|t 0
|e TL790 .C67
|h Library of Congress classification
|i unmediated -- volume
|m A14805556956
|
| 998 |
f |
f |
|a TL790 .C67
|t 0
|l Remote Storage
|